| 000 | 00478nam a2200181Ia 4500 | ||
|---|---|---|---|
| 005 | 20250508154137.0 | ||
| 008 | 008 250505s9999 xx 000 0 eng d | ||
| 037 | _aTextual | ||
| 040 |
_aFEDL _beng _cFEDL |
||
| 041 |
_aeng _2eng |
||
| 084 |
_a371.1473, IND _qFEDL |
||
| 245 | 0 | _aTeacher today and tomorrow | |
| 245 | 0 | _cIndia, Education (Ministry of-) | |
| 260 | _c1966 | ||
| 300 | _a150p. | ||
| 942 |
_cTEXL _h371.1473, IND |
||
| 999 |
_c1347973 _d1347973 |
||